Countries With The Most Cows - Statistics

General Stats
  • This quiz has been taken 28 times
  • The average score is 15 of 20
Answer Stats
Hint Answer % Correct
238.6M Brazil
96%
36.6M Mexico
96%
88.8M United States of America
96%
194.5M India
92%
73.6M China
88%
54.2M Argentina
84%
29.9M Australia
84%
17.5M Russia
84%
55.5M Pakistan
80%
16.8M France
76%
29.2M Colombia
72%
18.8M Indonesia
72%
17.1M Niger
68%
20.9M Nigeria
68%
24.9M Bangladesh
64%
21.9M Kenya
60%
70.9M Ethiopia
56%
37.9M Tanzania
56%
37.6M Chad
52%
30.7M Sudan
52%
No matching quizzes found
Score Distribution
Percent of People with Each Score
Percentile by Number Answered
Your Score History
You have not taken this quiz